Planning for housing affordability (Record no. 79040)

MARC details
000 -LEADER
fixed length control field 01392cab a22002175a 4500
001 - CONTROL NUMBER
control field L139286
008 - FIXED-LENGTH DATA ELEMENTS--GENERAL INFORMATION
fixed length control field 070724s2007 xxkd f 000 0 eng d
035 ## - SYSTEM CONTROL NUMBER
System control number (Sirsi) u139286
041 0# - LANGUAGE CODE
Language code of text/sound track or separate title eng
110 1# - MAIN ENTRY--CORPORATE NAME
Corporate name or jurisdiction name as entry element Campaign to Protect Rural England
9 (RLIN) 4718
245 00 - TITLE STATEMENT
Title Planning for housing affordability
Remainder of title why providing more land will not reduce house prices
Medium [electronic resource]
260 ## - PUBLICATION, DISTRIBUTION, ETC.
Date of publication, distribution, etc. 2007
520 ## - SUMMARY, ETC.
Summary, etc. Presents the findings of research concluding that increasing land supply would make little difference to either housebuilding rates or house prices. Argues that the government's policy of planning relaxation will encourage developers to use greenfield sites rather than redevelop city areas. Size, type and quality of homes has the greatest influence on house prices. Increased higher building rates would have only a small, delayed effect on house prices. House prices are dictated more by ability to pay than by land supply. Their continued rise reflects a widespread rise in income. Planning must be tailored to the needs of local communities.
590 ## - LOCAL NOTE (RLIN)
Local note KA NTK
650 24 - SUBJECT ADDED ENTRY--TOPICAL TERM
Topical term or geographic name entry element Affordable housing
9 (RLIN) 6215
650 24 - SUBJECT ADDED ENTRY--TOPICAL TERM
Topical term or geographic name entry element HOUSING GREEN PAPER 2007
651 #4 - SUBJECT ADDED ENTRY--GEOGRAPHIC NAME
Geographic name United Kingdom
Chronological subdivision
690 ## - LOCAL SUBJECT ADDED ENTRY--TOPICAL TERM (OCLC, RLIN)
Topical term or geographic name as entry element PROPERTY-RESIDENTIAL PROPERTY-RESIDENTIAL PROPERTY DEVELOPMENT
856 40 - ELECTRONIC LOCATION AND ACCESS
Uniform Resource Identifier <a href="https://www.cpre.org.uk/news/view/416">https://www.cpre.org.uk/news/view/416</a>
Public note View the article free of charge at www.cpre.org.uk...
942 ## - ADDED ENTRY ELEMENTS (KOHA)
Suppress in OPAC 0
Holdings
Withdrawn status Lost status Source of classification or shelving scheme Damaged status Not for loan Home library Current library Shelving location Date acquired Total Checkouts Full call number Barcode Date last seen Copy number Price effective from Koha item type
    Dewey Decimal Classification     Virtual Virtual Online 24/07/2007   ONLINE PUBLICATION 139286-1001 06/08/2019 1 06/08/2019 Journal article